La primera comunión: método fácil y práctico para preparar a los niños a este sacramento. Con 37 pláticas y planes de sermones

Збережено в:
Бібліографічні деталі
Автор: Schmitt, Jacobo (Автор)
Формат: Книга
Мова:Іспанська
Опубліковано: Friburgo de Brisgovia Herder 1910
Редагування:1a. ed
Предмети:
Теги: Додати тег
Немає тегів, Будьте першим, хто поставить тег для цього запису!

MARC

LEADER 00000cam a2200000 a 4500
001 UCD0284
003 CL-VaPUC
008 151120e19100000gw |||||||||||||||||spa|d
082 0 4 |a 234.16  |b SCH  |2 21 
100 0 |a Schmitt, Jacobo  |e author  |9 583271 
245 1 3 |a La primera comunión: método fácil y práctico para preparar a los niños a este sacramento. Con 37 pláticas y planes de sermones 
250 |a 1a. ed 
300 |a 341 p 
942 |c BK 
945 |d 20151120 13:39:00  |a gsalatino 
260 |a Friburgo de Brisgovia  |b Herder  |c 1910 
650 0 |a Sacramentos   |9 257270 
650 0 |a Sagrada Comunión   |9 397959 
650 7 |a LITURGIA  |2 CL-VaPUC  |9 583272 
650 0 |a Catecismo  |9 333878 
583 |a last modification  |c 20151120 13:39:00  |k Rodrigo Vera 
999 |c 361850  |d 361848 
952 |0 0  |1 0  |3 erd  |4 0  |6 234_160000000000000_SCH_1910  |7 0  |8 P  |9 472590  |a BIBTEO  |b BIBTES  |c TEO_FTES  |i 5271061  |o 234.16 SCH 1910  |p 5271061  |r 2024-01-18  |w 2019-11-24  |y BK  |z Catalogado en:20151120  |k ICR